| 000 | 01359nam a2200337Ia 4500 | ||
|---|---|---|---|
| 001 | ebr10255816 | ||
| 003 | CaPaEBR | ||
| 006 | m u | ||
| 007 | cr cn||||||||| | ||
| 008 | 071223s2008 si a sb 001 0 eng d | ||
| 010 | _z 2008297819 | ||
| 020 | _z9789812771711 | ||
| 020 | _z9812771719 | ||
| 040 |
_aCaPaEBR _cCaPaEBR |
||
| 035 | _a(OCoLC)646768780 | ||
| 050 | 1 | 4 |
_aQA76.9.D343 _bR654 2008eb |
| 100 | 1 | _aRokach, Lior. | |
| 245 | 1 | 0 |
_aData mining with decision trees _h[electronic resource] : _btheroy and applications / _cLior Rokach, Oded Maimon. |
| 260 |
_aSingapore : _bWorld Scientific, _cc2008. |
||
| 300 |
_axviii, 244 p. : _bill. |
||
| 490 | 1 |
_aSeries in machine perception and artificial intelligence ; _vv. 69 |
|
| 504 | _aIncludes bibliographical references (p. 215-242) and index. | ||
| 533 |
_aElectronic reproduction. _bPalo Alto, Calif. : _cebrary, _d2011. _nAvailable via World Wide Web. _nAccess may be limited to ebrary affiliated libraries. |
||
| 650 | 0 | _aData mining. | |
| 650 | 0 | _aDecision trees. | |
| 655 | 7 |
_aElectronic books. _2local |
|
| 700 | 1 | _aMaimon, Oded Z. | |
| 710 | 2 | _aebrary, Inc. | |
| 830 | 0 |
_aSeries in machine perception and artificial intelligence ; _vv. 69. |
|
| 856 | 4 | 0 |
_uhttp://site.ebrary.com/lib/rucke/Doc?id=10255816 _zAn electronic book accessible through the World Wide Web; click to view |
| 999 |
_c15032 _d15032 |
||